|
|
|
|
| LEADER |
00000cam a2200000 a 4500 |
| 001 |
vtls008335298 |
| 003 |
SK-MaSNL |
| 005 |
20260302003755.0 |
| 008 |
230403s1956 xo c grh 001 0bslo |
| 015 |
|
|
|a SNBA1956/10-01347
|
| 035 |
|
|
|a SK01SNK19560027515
|
| 035 |
|
|
|a urn:nbn:sk:snk-am3iekv
|
| 035 |
|
|
|a urn:nbn:sk:snk-am00e718
|
| 035 |
|
|
|a A764850F-0B42-4649-89A7-78BDF565373A
|
| 035 |
|
|
|a SKM000029978
|
| 040 |
|
|
|a SNK
|b slo
|c SNK
|e AACR2
|
| 041 |
0 |
|
|a slo
|
| 044 |
|
|
|a xo
|c SK
|
| 080 |
|
|
|a 75.071.1(437.6)(035)
|2 1981
|
| 080 |
|
|
|a 929 Augusta, Jaroslav
|2 1981
|
| 100 |
1 |
|
|a Váross, Marián,
|d 1923-1988
|4 aut
|9 105774
|
| 245 |
1 |
0 |
|a Augusta
|c [napísal] Marian Váross
|
| 260 |
|
|
|a Bratislava
|b Slovenské vydavateľstvo krásnej literatúry
|c 1956
|e Martin
|f Severoslovenské tlačiarne
|
| 300 |
|
|
|a 175, [3] s.
|b portréty
|c 8°
|
| 366 |
|
|
|e 3300 kusov
|
| 490 |
1 |
|
|a Knižnica výtvarného umenia
|v zv. 22
|
| 500 |
|
|
|a Poznámky
|
| 504 |
|
|
|a Bibliografické odkazy ; zoznam reprodukcií diel s. 171-176
|
| 600 |
1 |
7 |
|a Augusta, Jaroslav,
|d 1878-1970
|2 SNKMA
|9 38364
|
| 650 |
0 |
7 |
|a slovenské maliarstvo
|2 SNKPH
|9 3124
|
| 655 |
|
7 |
|a biografie
|2 SNKPH
|9 27965
|
| 830 |
|
0 |
|a Knižnica výtvarného umenia
|9 308948
|
| 852 |
|
|
|a Slovenská národná knižnica
|
| 954 |
|
|
|a odborná, vedecká literatúra pôvodná (slovenská)
|2 lita
|
| 958 |
|
|
|a OND
|
| 958 |
|
|
|a TL
|
| 958 |
|
|
|a RK
|
| 958 |
|
|
|a NB
|
| 958 |
|
|
|a BX
|
| 958 |
|
|
|a EUIPO
|
| 999 |
|
|
|c 993284
|d 995214
|
| 952 |
|
|
|a SNK
|b SNK
|y PREZ
|7 0
|p 17A0794818
|o snkSC 8530
|i smkKSP 3148/56
|0 0
|1 0
|4 0
|d 2012-03-12
|f 1
|l 0
|r 2025-07-09 00:00:00
|w 2026-02-24
|
| 952 |
|
|
|a SNK
|b SNK
|y VYP
|7 0
|p 17A0146860
|o snkSC 8530 D1
|0 0
|1 1
|4 0
|d 1998-07-03
|l 0
|r 2005-01-02 00:00:00
|w 2026-02-24
|